000 00343nam a2200133Ia 4500
005 20251222153548.0
008 251222s9999||||xx |||||||||||||| ||spa||
082 _a616.462/W45
100 _aWaintrub, Mauricio
245 0 _aEducación para el Paciente:
250 _a1ra.ed.
264 _bRocky Mountain Internal Medicine, PC.
942 _cLIB
999 _c30717
_d30717